MARC details
| 000 -LEADER |
| fixed length control field |
01891cab a2200457 4500 |
| 001 - CONTROL NUMBER |
| control field |
##L133058 |
| 008 - FIXED-LENGTH DATA ELEMENTS--GENERAL INFORMATION |
| fixed length control field |
060406n2006 000 0 eng u |
| 035 ## - SYSTEM CONTROL NUMBER |
| System control number |
(Sirsi) u133058 |
| 041 0# - LANGUAGE CODE |
| Language code of text/sound track or separate title |
eng |
| 100 1# - MAIN ENTRY--PERSONAL NAME |
| Personal name |
Shepherd, Jim |
| 245 00 - TITLE STATEMENT |
| Title |
Housing law update |
| 260 ## - PUBLICATION, DISTRIBUTION, ETC. |
| Date of publication, distribution, etc. |
2006 |
| 490 #0 - SERIES STATEMENT |
| Series statement |
Solicitors' Journal |
| Volume/sequential designation |
150(9) 10 March 2006, 293-296(3) |
| 520 ## - SUMMARY, ETC. |
| Summary, etc. |
Provides an update of recent developments in housing law. Covers new legislation, and recent decisions on possession, tolerated trespassers, homelessness, statutory residence, human rights, the right to buy, service of proceedings, disrepair and easements. Also reports on the CA decision in "Ealing LBC v Richardson" ([2005] EWCA Civ 1798, unreported). |
| 590 ## - LOCAL NOTE (RLIN) |
| Local note |
IKA110406 |
| 650 24 - SUBJECT ADDED ENTRY--TOPICAL TERM |
| Topical term or geographic name entry element |
HOUSING HEALTH AND SAFETY RATING SYSTEM (ENGLAND) REGULATIONS 2005 |
| 650 24 - SUBJECT ADDED ENTRY--TOPICAL TERM |
| Topical term or geographic name entry element |
HOUSING ACT 2004 |
| 650 24 - SUBJECT ADDED ENTRY--TOPICAL TERM |
| Topical term or geographic name entry element |
WHITE AND ANOTHER V RIVERSIDE HOUSING ASSOCIATION LTD |
| 650 24 - SUBJECT ADDED ENTRY--TOPICAL TERM |
| Topical term or geographic name entry element |
SOUTHWARK LBC V O'SULLIVAN |
| 650 24 - SUBJECT ADDED ENTRY--TOPICAL TERM |
| Topical term or geographic name entry element |
R V TOWER HAMLETS LBC EX P CHELFAT |
| 650 24 - SUBJECT ADDED ENTRY--TOPICAL TERM |
| Topical term or geographic name entry element |
KENSINGTON AND CHELSEA LBC V RICHMOND |
| 650 24 - SUBJECT ADDED ENTRY--TOPICAL TERM |
| Topical term or geographic name entry element |
BURROWS V BRENT LBC |
| 650 24 - SUBJECT ADDED ENTRY--TOPICAL TERM |
| Topical term or geographic name entry element |
LAMBETH LBC V ROGERS |
| 650 24 - SUBJECT ADDED ENTRY--TOPICAL TERM |
| Topical term or geographic name entry element |
R V LB HARROW EX P MOHAMMED |
| 650 24 - SUBJECT ADDED ENTRY--TOPICAL TERM |
| Topical term or geographic name entry element |
CHIEF ADJUDICATION OFFICER V WOLKE |
| 650 24 - SUBJECT ADDED ENTRY--TOPICAL TERM |
| Topical term or geographic name entry element |
TROJANI V CPAS |
| 650 24 - SUBJECT ADDED ENTRY--TOPICAL TERM |
| Topical term or geographic name entry element |
CROSSLEY V WESTMINSTER CC |
| 650 24 - SUBJECT ADDED ENTRY--TOPICAL TERM |
| Topical term or geographic name entry element |
R V RICHMOND-UPON-THAMES BC EX P SLAIMAN |
| 650 24 - SUBJECT ADDED ENTRY--TOPICAL TERM |
| Topical term or geographic name entry element |
STEPHENS V KERR |
| 650 24 - SUBJECT ADDED ENTRY--TOPICAL TERM |
| Topical term or geographic name entry element |
PYE (OXFORD) LTD & ANOR V UNITED KINGDOM |
| 650 24 - SUBJECT ADDED ENTRY--TOPICAL TERM |
| Topical term or geographic name entry element |
TERRY V TOWER HAMLETS LBC |
| 650 24 - SUBJECT ADDED ENTRY--TOPICAL TERM |
| Topical term or geographic name entry element |
COPPING V SURREY CC |
| 650 24 - SUBJECT ADDED ENTRY--TOPICAL TERM |
| Topical term or geographic name entry element |
O'HARA V MCDOUGAL |
| 650 24 - SUBJECT ADDED ENTRY--TOPICAL TERM |
| Topical term or geographic name entry element |
IRONTRAIN INVESTMENTS LTD V ANSARI |
| 650 24 - SUBJECT ADDED ENTRY--TOPICAL TERM |
| Topical term or geographic name entry element |
MARLBOROUGH PARK SERVICES LTD V ROWE AND ANOTHER |
| 650 24 - SUBJECT ADDED ENTRY--TOPICAL TERM |
| Topical term or geographic name entry element |
EALING LBC V RICHARDSON |
| 650 24 - SUBJECT ADDED ENTRY--TOPICAL TERM |
| Topical term or geographic name entry element |
JONES V CLEANTHI |
| 690 ## - LOCAL SUBJECT ADDED ENTRY--TOPICAL TERM (OCLC, RLIN) |
| Topical term or geographic name as entry element |
PROPERTY-RESIDENTIAL PROPERTY-DOMESTIC RESIDENTIAL PROPERTY-HOUSING |
| 700 1# - ADDED ENTRY--PERSONAL NAME |
| Personal name |
Preston, Dominic |
| 942 ## - ADDED ENTRY ELEMENTS (KOHA) |
| Suppress in OPAC |
0 |